[Event "SUI Team Ch"]
[Site "Switzerland"]
[Date "1993.??.??"]
[Round "?"]
[White "Leuba, Didier"]
[Black "Jakob, Simon"]
[Result "1-0"]
[WhiteElo "2290"]
[BlackElo "2280"]
[PlyCount "97"]
[EventDate "1993.??.??"]
[Source "www.chesslib.no"]
[SourceDate "2004.05.04"]

1. d4 Nf6 2. Nc3 d5 3. Bg5 Bf5 4. Bxf6 exf6 5. e3 c6 6. Bd3 Bxd3 7. Qxd3 Qb6 8. Nge2 Be7 9. e4 dxe4 10. Qxe4 Qc7 11. O-O O-O 12. d5 Qe5 13. Qf3 Bd6 14. Ng3 Qf4 15. Qxf4 Bxf4 16. dxc6 Nxc6 17. Nd5 Be5 18. c3 Rfd8 19. Rad1 Rac8 20. Nf5 Kf8 21. f4 Bb8 22. Nfe3 Rd7 23. Kf2 Re8 24. Kf3 Ne7 25. g3 Nxd5 26. Nxd5 Red8 27. Ne3 Rxd1 28. Rxd1 Rxd1 29. Nxd1 f5 30. Ne3 g6 31. Nd5 Bd6 32. c4 h6 33. b4 Ke8 34. Ke3 Kd7 35. Kd4 Ke6 36. c5 Bb8 37. b5 g5 38. a4 f6 39. Kc4 g4 40. Kd4 h5 41. a5 a6 42. b6 Kd7 43. Nxf6+ Kc6 44. Nxh5 Kb5 45. Nf6 Kxa5 46. Kc4 Bd6 47. cxd6 Kxb6 48. Kd5 a5 49. Ke6 1-0

[Event "GER CupT"]
[Site "GER"]
[Date "1993.??.??"]
[Round "?"]
[White "Dittmar, Peter"]
[Black "Wilde, Pierre"]
[Result "0-1"]
[WhiteElo "2290"]
[BlackElo "2280"]
[PlyCount "60"]
[EventDate "1993.??.??"]
[Source "www.chesslib.no"]
[SourceDate "2004.05.04"]

1. d4 Nf6 2. Nc3 d5 3. Bg5 Bf5 4. Bxf6 gxf6 5. e3 e6 6. Bd3 Bg6 7. h4 Nd7 8. Nge2 c6 9. h5 Bxd3 10. Qxd3 Qa5 11. O-O-O b5 12. a3 Nb6 13. Kb1 Nc4 14. Na2 Rb8 15. Nec1 b4 16. axb4 Bxb4 17. Nxb4 Rxb4 18. b3 Rb6 19. Na2 Ra6 20. bxc4 Qxa2+ 21. Kc1 Ra3 22. Qf1 Qa1+ 23. Kd2 Qc3+ 24. Ke2 Qxc2+ 25. Rd2 Qxc4+ 26. Kf3 Qc3 27. Qe2 Rb3 28. Rc2 Qxd4 29. Rg1 f5 30. g4 Rg8 0-1

[Event "Munich"]
[Site "Munich GER"]
[Date "1986.??.??"]
[Round "?"]
[White "Grivas, Efstratios"]
[Black "Koepf, Ulrich"]
[Result "1-0"]
[WhiteElo "2360"]
[BlackElo "2210"]
[PlyCount "47"]
[EventDate "1986.??.??"]
[Source "www.chesslib.no"]
[SourceDate "2004.05.04"]

1. d4 Nf6 2. Nc3 d5 3. Bg5 Bf5 4. Bxf6 gxf6 5. e3 e6 6. Bd3 Bxd3 7. Qxd3 c6 8. Nf3 Nd7 9. a4 Be7 10. O-O Qc7 11. Ne2 O-O 12. e4 Rad8 13. Ng3 dxe4 14. Qxe4 Qd6 15. Rfe1 Rde8 16. c4 f5 17. Qc2 Nf6 18. Rad1 Qc7 19. Qd2 Rd8 20. Ne5 Kh8 21. Qh6 Rd6 22. Rd3 Qd8 23. Nh5 Ne8 24. Qxf8+ 1-0

[Event "Oberliga Nord W 9293"]
[Site "GER"]
[Date "1992.12.13"]
[Round "3.4"]
[White "Bauer, Reinhard"]
[Black "Buchenau, Frank"]
[Result "1-0"]
[WhiteElo "2310"]
[BlackElo "2255"]
[PlyCount "99"]
[EventDate "1992.10.??"]
[Source "www.chesslib.no"]
[SourceDate "2004.05.04"]

1. d4 Nf6 2. Nc3 d5 3. Bg5 Bf5 4. Bxf6 gxf6 5. e3 e6 6. Bd3 Bxd3 7. Qxd3 Nc6 8. a3 Qd7 9. Nf3 O-O-O 10. O-O-O Kb8 11. Kb1 f5 12. g3 Bd6 13. Nd2 Ne7 14. Nb3 Rc8 15. Nb5 a6 16. Nxd6 cxd6 17. Rc1 Rc7 18. c4 dxc4 19. Rxc4 Rxc4 20. Qxc4 Rc8 21. Qd3 Qc6 22. Rf1 Qg2 23. h4 Nd5 24. Nd2 Nf6 25. Qe2 Ne4 26. Nxe4 Qxe4+ 27. Ka1 Qc2 28. Qh5 Qb3 29. Qxh7 Rc2 30. Rb1 Rxf2 31. Qxf7 Qxe3 32. Qf8+ Kc7 33. Qe7+ Kc6 34. d5+ Kxd5 35. Qxb7+ Ke5 36. Qg7+ Ke4 37. h5 Rh2 38. g4 fxg4 39. Qxg4+ Kd5 40. Rd1+ Kc6 41. Qa4+ Kc7 42. Qxa6 d5 43. Rf1 Rf2 44. Qa5+ Kd7 45. Re1 Qd4 46. Qb5+ Ke7 47. h6 Kf6 48. Qb8 Kg5 49. h7 Rf3 50. Qe5+ 1-0

[Event "Dortmund op-A"]
[Site "Dortmund GER"]
[Date "1992.??.??"]
[Round "8"]
[White "Juergens, Peter"]
[Black "Trichkov, Vasil"]
[Result "0-1"]
[WhiteElo "2250"]
[BlackElo "2315"]
[PlyCount "84"]
[EventDate "1992.04.??"]
[Source "www.chesslib.no"]
[SourceDate "2004.05.04"]

1. d4 d5 2. Nc3 Nf6 3. Bg5 Bf5 4. Bxf6 exf6 5. e3 c6 6. Bd3 Bg6 7. Nge2 Bd6 8. Ng3 Qb6 9. Rb1 a5 10. O-O O-O 11. Bxg6 hxg6 12. e4 dxe4 13. Ncxe4 Be7 14. c3 f5 15. Nd2 Nd7 16. Qb3 Qc7 17. Rfe1 Rfe8 18. Re2 Bf6 19. Rbe1 Rxe2 20. Rxe2 a4 21. Qc2 b5 22. Nf3 Qd6 23. Nf1 Rc8 24. Qd1 g5 25. Qe1 g6 26. Re8+ Rxe8 27. Qxe8+ Kg7 28. Ne3 g4 29. Ne1 Nf8 30. Nd3 Ne6 31. a3 c5 32. Qxb5 cxd4 33. Nc4 Qc7 34. Qxa4 dxc3 35. bxc3 Bxc3 36. Qb5 Bd4 37. a4 f4 38. a5 g3 39. hxg3 fxg3 40. Nd2 Qc2 41. Nf1 gxf2+ 42. Kh2 Qe2 0-1

[Event "HUN-ch (Women)"]
[Site "Budapest"]
[Date "2001.09.22"]
[Round "2"]
[White "Toth, Lili"]
[Black "Gara, Ticia"]
[Result "1-0"]
[WhiteElo "2184"]
[BlackElo "2381"]
[PlyCount "101"]
[EventDate "2001.09.21"]
[Source "ChessBase"]
[SourceDate "2001.10.26"]

1. d4 Nf6 2. Nc3 d5 3. Bg5 Bf5 4. Bxf6 gxf6 5. g3 e6 6. Bg2 Nc6 7. e3 Qd7 8. Nge2 O-O-O 9. O-O Kb8 10. Qd2 h5 11. h4 Bh6 12. b3 Ne7 13. Na4 b6 14. Rfc1 e5 15. c4 exd4 16. Nxd4 dxc4 17. Rxc4 Be6 18. Nc5 Qc8 19. Bb7 Qxb7 20. Nxb7 Kxb7 21. Ra4 Bd7 22. Ra3 Nc8 23. b4 Bf8 24. Rc1 Bd6 25. Rd3 Rhg8 26. Ne2 Bc6 27. Rxc6 Kxc6 28. Nd4+ Kb7 29. Qe2 Ne7 30. Qf3+ Kb8 31. b5 Be5 32. a4 Bxd4 33. exd4 Nd5 34. a5 bxa5 35. Ra3 Nb6 36. Qxf6 a4 37. Rd3 Rd7 38. Qf5 Rh8 39. Qe5 Rh6 40. Qg5 Rh8 41. Qf6 Rhd8 42. f3 Nd5 43. Qe5 Nb4 44. Rc3 a3 45. Rxa3 Rd5 46. Qe7 Rxd4 47. Ra1 Nc2 48. Rc1 R4d7 49. Qc5 Nd4 50. Ra1 Nxf3+ 51. Kf2 1-0

[Event "HUN-chT29899"]
[Site "HUN"]
[Date "1998.??.??"]
[Round "?"]
[White "Donka, Peter"]
[Black "Barva, Attila"]
[Result "1-0"]
[WhiteElo "2280"]
[BlackElo "2275"]
[PlyCount "103"]
[EventDate "1998.??.??"]
[Source "www.chesslib.no"]
[SourceDate "2004.05.04"]

1. d4 Nf6 2. Nc3 d5 3. Bg5 Bf5 4. Bxf6 exf6 5. e3 c6 6. Bd3 Bg6 7. Nge2 Bd6 8. h4 Qb6 9. h5 Bxd3 10. Qxd3 Nd7 11. e4 dxe4 12. Qxe4+ Kf8 13. O-O-O Qa5 14. d5 Nc5 15. Qg4 Be5 16. f4 f5 17. Qxf5 Bf6 18. g4 b5 19. dxc6 b4 20. Na4 Qxa4 21. Qxc5+ Be7 22. Qc4 Rc8 23. Nd4 Bf6 24. Rhe1 h6 25. Nb5 Kg8 26. Nd6 Kh7 27. Qxf7 Rhf8 28. Qb3 Qxb3 29. axb3 Rxc6 30. Re4 Rd8 31. Nc4 Rdc8 32. Rd7 a6 33. Rb7 a5 34. Ra7 Bd8 35. Re5 Bb6 36. Nxb6 Rxc2+ 37. Kb1 Rc1+ 38. Ka2 Rf8 39. f5 a4 40. bxa4 Rb8 41. a5 b3+ 42. Kxb3 Rg1 43. Re4 Rf8 44. Kb4 Rg2 45. b3 Rf6 46. Ka4 Rc6 47. b4 Rd6 48. Kb5 Rc2 49. Ree7 Kh8 50. Rad7 Rf6 51. Re8+ Kh7 52. Rdd8 1-0

[Event "Oberliga Wuert 9192"]
[Site "Wuerttemberg"]
[Date "1992.??.??"]
[Round "?"]
[White "Link, Ulrich"]
[Black "Jurek, Josef"]
[Result "0-1"]
[WhiteElo "2235"]
[BlackElo "2315"]
[PlyCount "76"]
[EventDate "1991.10.??"]
[Source "www.chesslib.no"]
[SourceDate "2004.05.04"]

1. d4 Nf6 2. Nc3 d5 3. Bg5 Bf5 4. Bxf6 exf6 5. e3 c6 6. Nge2 Bd6 7. g3 Be6 8. Nf4 Qe7 9. Nce2 Nd7 10. Bg2 f5 11. O-O Nf6 12. b3 O-O 13. Qd3 Rad8 14. c4 Ne4 15. cxd5 cxd5 16. Nc3 Bb4 17. Nfe2 Rc8 18. Rfc1 Ba3 19. Rc2 Qc7 20. Qb5 a6 21. Qa4 Qe7 22. Rb1 Qb4 23. Qxb4 Bxb4 24. Rbc1 Ba3 25. Rb1 b5 26. b4 Rc4 27. f3 Nf6 28. Kf2 Rfc8 29. Ke1 Bxb4 30. Kd2 Ba3 31. Rb3 b4 32. Kd3 a5 33. Rxa3 bxa3 34. Bf1 Rb8 35. Nxd5 Rxc2 36. Nxf6+ gxf6 37. Kxc2 Rb2+ 38. Kc1 Bc4 0-1

[Event "Niederbayern-chA"]
[Site "Bayern"]
[Date "1995.??.??"]
[Round "3"]
[White "Schmid, Guenter"]
[Black "Heigl, Rudolf"]
[Result "1-0"]
[WhiteElo "2320"]
[BlackElo "2225"]
[PlyCount "100"]
[EventDate "1995.??.??"]
[Source "www.chesslib.no"]
[SourceDate "2004.05.04"]

1. d4 d5 2. Nc3 Nf6 3. Bg5 Bf5 4. Bxf6 exf6 5. e3 Be7 6. Bd3 Bxd3 7. Qxd3 O-O 8. Qb5 c6 9. Qxb7 Qb6 10. Qxb6 axb6 11. Nce2 Na6 12. c3 Nc7 13. Nf3 Bd6 14. O-O Rfe8 15. Rfe1 f5 16. a3 g6 17. Rac1 Ra4 18. Nf4 Bxf4 19. exf4 Rxe1+ 20. Rxe1 Ne6 21. g3 Ra7 22. Ng5 Ng7 23. Kf1 h6 24. Nf3 f6 25. h4 Kf7 26. Ke2 Ne8 27. Nd2 Nd6 28. f3 g5 29. fxg5 fxg5 30. hxg5 hxg5 31. Rh1 Re7+ 32. Kd3 Kg7 33. b3 b5 34. a4 bxa4 35. bxa4 Ra7 36. Ra1 g4 37. fxg4 fxg4 38. a5 Ra6 39. Ke3 Nb7 40. Nb3 Nd6 41. Kf4 Nb5 42. Rc1 Nd6 43. Kxg4 Ra7 44. Ra1 Ne4 45. a6 Kf6 46. Kf3 Kg5 47. Nc5 Nxc3 48. Ne6+ Kf6 49. Nd8 c5 50. dxc5 d4 1-0

[Event "Yemen op 1st"]
[Site "Sanaa"]
[Date "2002.10.09"]
[Round "3"]
[White "Adnani, Moklis"]
[Black "Al Zendani, Zendan"]
[Result "1/2-1/2"]
[WhiteElo "2256"]
[BlackElo "2289"]
[PlyCount "28"]
[EventDate "2002.10.04"]
[Source "ChessBase"]
[SourceDate "2002.11.06"]

1. d4 Nf6 2. Nc3 d5 3. Bg5 Bf5 4. Bxf6 exf6 5. e3 Bb4 6. Bd3 Qd7 7. Nge2 O-O 8. O-O Bxd3 9. Qxd3 f5 10. Nf4 c6 11. Nce2 Bd6 12. c4 dxc4 13. Qxc4 Na6 14. Nd3 Qe6 1/2-1/2